Акустические системы: учебное пособие

Podrobná bibliografie
Hlavní autor: Сальникова Е. Н. Евгения Николаевна
Korporativní autor: Дальневосточный федеральный универститет (ДВФУ)
Další autoři: Стаценко Л. Г. Любовь Григорьевна
Shrnutí:Настоящее пособие предназначено для студентов, обучающихся по специальностям "Радиосвязь, радиовещание, телевидение" (дисциплина "Электроакустика и звуковое вещание") и "Акустические приборы и системы" (дисциплина "Электроакустические преобразователи и аппаратура") очной, заочной и дистанционной форм обучения. Содержит общие сведения, классификацию, технические характеристики, внешнее оформление, особенности конструкций громкоговорителей, описание акустических систем, практические рекомендации по расчету акустических систем, историю развития современных систем звуковоспроизведения. Данное пособие может быть использовано для самостоятельной работы студентов.
Jazyk:ruština
Vydáno: Москва, Проспект, 2016
Témata:
Médium: MixedMaterials Kniha
KOHA link:https://koha.lib.tpu.ru/cgi-bin/koha/opac-detail.pl?biblionumber=318673

MARC

LEADER 00000nam0a2200000 4500
001 318673
005 20231102003112.0
010 |a 9785392207190 
035 |a (RuTPU)RU\TPU\book\344174 
090 |a 318673 
100 |a 20160429d2016 m y0rusy50 ca 
101 0 |a rus 
102 |a RU 
105 |a a j 001zy 
200 1 |a Акустические системы  |e учебное пособие  |f Е. Н. Сальникова, Л. Г. Стаценко  |g Дальневосточный федеральный универститет (ДВФУ) 
210 |a Москва  |c Проспект  |d 2016 
215 |a 101 с.  |c ил. 
320 |a Библиогр.: с. 99-100 
330 |a Настоящее пособие предназначено для студентов, обучающихся по специальностям "Радиосвязь, радиовещание, телевидение" (дисциплина "Электроакустика и звуковое вещание") и "Акустические приборы и системы" (дисциплина "Электроакустические преобразователи и аппаратура") очной, заочной и дистанционной форм обучения. Содержит общие сведения, классификацию, технические характеристики, внешнее оформление, особенности конструкций громкоговорителей, описание акустических систем, практические рекомендации по расчету акустических систем, историю развития современных систем звуковоспроизведения. Данное пособие может быть использовано для самостоятельной работы студентов. 
606 1 |a Звуковоспроизводящие устройства  |2 stltpush  |3 (RuTPU)RU\TPU\subj\11507  |9 38433 
610 1 |a громкоговорители 
610 1 |a классификация 
610 1 |a характеристика 
610 1 |a внешнее оформление 
610 1 |a акустические системы 
610 1 |a проектирование 
610 1 |a изготовление 
610 1 |a звуковоспроизведение 
610 1 |a учебные пособия 
675 |a 621.396.623(075.8)  |v 4 
700 1 |a Сальникова  |b Е. Н.  |g Евгения Николаевна 
701 1 |a Стаценко  |b Л. Г.  |g Любовь Григорьевна 
712 0 2 |a Дальневосточный федеральный универститет (ДВФУ)  |c (Владивосток)  |c (2008- )  |2 stltpush  |3 (RuTPU)RU\TPU\col\19571 
801 1 |a RU  |b 63413507  |c 20160429 
801 2 |a RU  |b 63413507  |c 20160708  |g RCR 
942 |c BK 
959 |a 32/20160331  |d 2  |e 250,00  |f ЧЗТЛ:1  |f УФ:1